| LEADER |
01294nam0a2200253 450 |
| 001 |
16859348 |
| 010 |
|
|
|a 978-2-01-715655-0
|b rel.
|d 8,95
|
| 100 |
|
|
|a 20221230d2026 u u0frey01 ba
|
| 101 |
0 |
|
|a fre
|
| 102 |
|
|
|a FR
|
| 200 |
0 |
|
|a Fan de danse classique
|f [texte de] Kidi Bebey
|g [illustration de] Océane Meklemberg
|
| 207 |
|
1 |
|a
|
| 210 |
|
|
|a Paris
|b 28 Rue de la Boétie.
|c Deux Coqs d'Or
|d DL 2021
|
| 215 |
|
|
|a 1 vol. (43 p.)
|c ill. en coul.
|d 26 cm
|
| 300 |
|
|
|a Lexique
|
| 327 |
|
|
|a Sur la page de titre : Les origines ; Les ballets ; Les stars ; La technique...
|
| 330 |
|
|
|a Pour tous les jeunes fans de danse classique, ce livre est fait pour eux ! 48 pages pour tout savoir sur ce sport à travers des infos documentaires sur les origines de la discipline, le matériel, les figures et positions, les ballets célèbres et les danseurs de légende. Mais aussi des records étonnants, des chiffres clefs, des faits insolites, des jeux et des quiz pour tester ses connaissances en s'amusant.
|
| 606 |
0 |
|
|a Danse classique
|
| 676 |
|
|
|a 792.8
|
| 700 |
|
0 |
|a Bebey
|b Kidi
|f 1961-....
|4 70
|
| 702 |
|
0 |
|a Meklemberg
|b Océane
|f 1988-....
|4 440
|
| 900 |
|
|
|a Documentaire
|
| 901 |
|
|
|a Jeunesse
|
| 995 |
|
|
|a Médiathèque
|c Médiathèque
|f 089019328
|h 089019328
|k E 792.8 BEB
|o p
|q j
|r az
|e Médiathèque
|